Finančné krízy a príčiny ich vzniku bakalárska práca

Enregistré dans:
Détails bibliographiques
Auteur principal: Šestinová, Jessica
Collectivité auteur: Národohospodárska fakulta EU. Katedra bankovníctva a medzinárodných financií
Autres auteurs: Šturc, Boris, 1961-
Format: Livre
Langue:slovaque
Publié: Bratislava 2017
Tags: Ajouter un tag
Pas de tags, Soyez le premier à ajouter un tag!

MARC

LEADER 00000nbm a2200000 4500
001 0233759
005 20180115154329.3
041 0 |a slo 
044 |a SK 
245 1 0 |a Finančné krízy a príčiny ich vzniku  |b bakalárska práca  |c Jessica Šestinová ; školiteľ: Boris Šturc 
264 1 |a Bratislava  |c 2017 
300 |a 51 s. 
100 1 |a Šestinová, Jessica 
700 1 |a Šturc, Boris, 1961- 
710 2 |a Národohospodárska fakulta EU. Katedra bankovníctva a medzinárodných financií